[Event "Mecklenburg VP LL2 Ost 0809"]
[Site "Mecklenburg VP"]
[Date "2009.03.01"]
[Round "7.3"]
[White "Schmidt, Peter"]
[Black "Herzel, Alois"]
[Result "1-0"]
[WhiteElo "2066"]
[BlackElo "1747"]
[PlyCount "61"]
[EventDate "2008.09.28"]
[EventType "team-tourn"]
[EventRounds "9"]
[EventCountry "GER"]
[SourceTitle "EXT 2022"]
[Source "ChessBase"]
[SourceDate "2021.10.06"]
[SourceVersion "1"]
[SourceVersionDate "2021.10.06"]
[SourceQuality "1"]
[WhiteTeam "Wolgast Motor"]
[BlackTeam "Warnemuende SF Ostsee II"]
[WhiteTeamCountry "GER"]
[BlackTeamCountry "GER"]

1. Nf3 Nf6 2. b3 g6 3. Bb2 Bg7 4. g3 b6 5. Bg2 Bb7 6. 0-0 0-0 7. c4 c5 8. e3 Na6 9. d4 e6 10. Qe2 d5 11. Rd1 Qe7 12. cxd5 exd5 13. Nc3 Nc7 14. Rac1 Ba6 15. Qc2 Rfd8 16. Na4 c4 17. Ne5 b5 18. Nc5 Qe8 19. Qd2 Bf8 20. Qa5 Bxc5 21. dxc5 Rac8 22. Bh3 Nd7 23. Nxd7 Rxd7 24. Bxd7 Qxd7 25. Qc3 Kf8 26. e4 Bb7 27. Qh8+ Ke7 28. Bf6+ Ke6 29. exd5+ Qxd5 30. Rxd5 Rxh8 31. Rd6+ 1-0

[Event "Mecklenburg VP LL2 Ost 0809"]
[Site "Mecklenburg VP"]
[Date "2008.12.14"]
[Round "4.2"]
[White "Hellwig, Martin"]
[Black "Herzel, Alois"]
[Result "1-0"]
[WhiteElo "1932"]
[BlackElo "1747"]
[PlyCount "63"]
[EventDate "2008.09.28"]
[EventType "team-tourn"]
[EventRounds "9"]
[EventCountry "GER"]
[SourceTitle "EXT 2022"]
[Source "ChessBase"]
[SourceDate "2021.10.06"]
[SourceVersion "1"]
[SourceVersionDate "2021.10.06"]
[SourceQuality "1"]
[WhiteTeam "Neubrandenburg SV Turbine"]
[BlackTeam "Warnemuende SF Ostsee II"]
[WhiteTeamCountry "GER"]
[BlackTeamCountry "GER"]

1. e4 c5 2. g3 Nc6 3. Bg2 g6 4. Ne2 Bg7 5. c3 e6 6. 0-0 Nge7 7. d4 cxd4 8. cxd4 0-0 9. d5 exd5 10. exd5 Ne5 11. Nbc3 d6 12. Qb3 b6 13. a4 Bf5 14. Ne4 Qd7 15. f4 Ng4 16. Bd2 Nf6 17. Nxf6+ Bxf6 18. Bc3 Bxc3 19. Nxc3 Rac8 20. Rfe1 Rfe8 21. Qb5 Qc7 22. Re3 Bd7 23. Qd3 Nf5 24. Re4 Rxe4 25. Nxe4 Kg7 26. g4 Ne7 27. Qd4+ Kf8 28. Qh8+ Ng8 29. Nf6 Ke7 30. Re1+ Be6 31. Rxe6+ fxe6 32. Qg7+ 1-0

[Event "Mecklenburg VP-ch Seniors op 08th"]
[Site "Plau am See"]
[Date "2008.10.13"]
[Round "8"]
[White "Timm, Christian"]
[Black "Herzel, Alois"]
[Result "1/2-1/2"]
[WhiteElo "1499"]
[BlackElo "1714"]
[PlyCount "57"]
[EventDate "2008.10.06"]
[EventType "swiss"]
[EventRounds "9"]
[EventCountry "GER"]
[SourceTitle "EXT 2022"]
[Source "ChessBase"]
[SourceDate "2021.10.06"]
[SourceVersion "1"]
[SourceVersionDate "2021.10.06"]
[SourceQuality "1"]

1. d4 d5 2. c4 e6 3. Nc3 Nf6 4. Bg5 Nbd7 5. e4 dxe4 6. Nxe4 Be7 7. Nxf6+ Nxf6 8. a3 0-0 9. Nf3 c5 10. Be2 cxd4 11. Qxd4 h6 12. Qxd8 Rxd8 13. Bh4 b6 14. 0-0 Bb7 15. b4 g5 16. Bg3 Ne4 17. Rac1 Nxg3 18. hxg3 Rac8 19. Ne5 Bf6 20. f4 Bxe5 21. fxe5 Rd2 22. Rf2 Rd4 23. Bh5 Rc7 24. Rcf1 f5 25. exf6 Rdxc4 26. f7+ Kf8 27. Rf6 Rc2 28. R1f2 Rxf2 29. Kxf2 1/2-1/2

[Event "Mecklenburg VP-ch Seniors op 08th"]
[Site "Plau am See"]
[Date "2008.10.11"]
[Round "6"]
[White "Karwen, Werner"]
[Black "Herzel, Alois"]
[Result "1-0"]
[WhiteElo "1540"]
[BlackElo "1714"]
[PlyCount "49"]
[EventDate "2008.10.06"]
[EventType "swiss"]
[EventRounds "9"]
[EventCountry "GER"]
[SourceTitle "EXT 2022"]
[Source "ChessBase"]
[SourceDate "2021.10.06"]
[SourceVersion "1"]
[SourceVersionDate "2021.10.06"]
[SourceQuality "1"]

1. e4 c5 2. Nf3 e6 3. b3 b6 4. Bb2 Bb7 5. d3 Nf6 6. Nbd2 Be7 7. Be2 0-0 8. h4 d5 9. e5 Ne8 10. d4 Nd7 11. h5 Rc8 12. Nh2 cxd4 13. Bxd4 Qc7 14. c3 Nxe5 15. Ndf3 Nxf3+ 16. Nxf3 Bf6 17. h6 Bxd4 18. Nxd4 Qxc3+ 19. Kf1 Nd6 20. Rh3 Qc7 21. hxg7 Rfe8 22. Bd3 Ne4 23. Bxe4 dxe4 24. Qh5 Kxg7 25. Qh6+ 1-0

[Event "Mecklenburg VP-ch Seniors op 08th"]
[Site "Plau am See"]
[Date "2008.10.09"]
[Round "4"]
[White "Mitscherling, Reinhard"]
[Black "Herzel, Alois"]
[Result "1-0"]
[WhiteElo "1872"]
[BlackElo "1714"]
[PlyCount "87"]
[EventDate "2008.10.06"]
[EventType "swiss"]
[EventRounds "9"]
[EventCountry "GER"]
[SourceTitle "EXT 2022"]
[Source "ChessBase"]
[SourceDate "2021.10.06"]
[SourceVersion "1"]
[SourceVersionDate "2021.10.06"]
[SourceQuality "1"]

1. e4 c5 2. Nc3 Nc6 3. g3 g6 4. Bg2 Bg7 5. d3 e6 6. Be3 d6 7. Nf3 Nge7 8. 0-0 0-0 9. Rb1 Nd4 10. Ne2 Nec6 11. c3 Nxe2+ 12. Qxe2 e5 13. Nd2 Be6 14. a3 Qd7 15. f4 Bh3 16. f5 Bxg2 17. Kxg2 f6 18. Rf2 g5 19. g4 b5 20. h4 h6 21. hxg5 hxg5 22. Nf3 Kf7 23. b4 cxb4 24. axb4 d5 25. Qa2 Rfd8 26. Rd2 Ke8 27. c4 d4 28. cxb5 Ne7 29. Bxg5 Qxb5 30. Bh4 Rdc8 31. g5 Qc6 32. b5 Qd6 33. Qa6 Qxa6 34. bxa6 fxg5 35. Bxg5 Rc6 36. Rb7 Bf8 37. Nxe5 Rxa6 38. Rdb2 Nc6 39. Nc4 Na5 40. Rb8+ Rxb8 41. Rxb8+ Kf7 42. Ne5+ Kg7 43. f6+ Kg8 44. Nd7 1-0

[Event "Niedersachsen-ch Seniors op 11th"]
[Site "Bad Bevensen"]
[Date "2008.07.16"]
[Round "9"]
[White "Gollasch, Theo Heinz"]
[Black "Herzel, Alois"]
[Result "1-0"]
[WhiteElo "2015"]
[BlackElo "1763"]
[PlyCount "110"]
[EventDate "2008.07.08"]
[EventType "swiss"]
[EventRounds "9"]
[EventCountry "GER"]
[SourceTitle "EXT 2022"]
[Source "ChessBase"]
[SourceDate "2021.10.06"]
[SourceVersion "1"]
[SourceVersionDate "2021.10.06"]
[SourceQuality "1"]

1. Nf3 d5 2. g3 e6 3. c4 Nf6 4. Bg2 Be7 5. 0-0 0-0 6. Qc2 Nbd7 7. d4 dxc4 8. Qxc4 Nb6 9. Qc2 c6 10. Rd1 Qc7 11. Nc3 a6 12. e4 Nfd7 13. b3 e5 14. dxe5 Nxe5 15. Nxe5 Qxe5 16. Bf4 Qe6 17. Rd2 g5 18. Bc7 Nd7 19. Na4 b5 20. Nb6 Nxb6 21. Bxb6 Rb8 22. Bc5 Bxc5 23. Qxc5 Qg6 24. Rd6 Be6 25. Qxc6 a5 26. Qc3 Qg7 27. Qxg7+ Kxg7 28. Ra6 Ra8 29. Rxa8 Rxa8 30. Bf1 a4 31. b4 Rb8 32. a3 Kf6 33. Rc1 Rb7 34. Rc5 Bd7 35. f4 h6 36. h4 gxh4 37. gxh4 Kg7 38. Kf2 f6 39. Ke3 Be8 40. Bd3 Kf7 41. Rd5 Bc6 42. Rd6 Be8 43. e5 fxe5 44. fxe5 Kg7 45. Re6 Bf7 46. Rc6 Be8 47. Rc5 Kf7 48. Kd4 Bd7 49. Rd5 Be8 50. Rd6 Kg7 51. Rd8 Bd7 52. Kc5 Kf7 53. Rh8 Rc7+ 54. Kd4 Kg7 55. Rh7+ Kg8 1-0

[Event "Niedersachsen-ch Seniors op 11th"]
[Site "Bad Bevensen"]
[Date "2008.07.08"]
[Round "1"]
[White "Opl, Klaus"]
[Black "Herzel, Alois"]
[Result "1-0"]
[WhiteElo "2449"]
[BlackElo "1763"]
[PlyCount "81"]
[EventDate "2008.07.08"]
[EventType "swiss"]
[EventRounds "9"]
[EventCountry "GER"]
[SourceTitle "EXT 2022"]
[Source "ChessBase"]
[SourceDate "2021.10.06"]
[SourceVersion "1"]
[SourceVersionDate "2021.10.06"]
[SourceQuality "1"]

1. e4 c5 2. Nf3 e6 3. d4 cxd4 4. Nxd4 a6 5. Bd3 Nc6 6. Nxc6 dxc6 7. 0-0 e5 8. Nd2 Be6 9. b3 Nf6 10. Bb2 Qc7 11. Qf3 Bd6 12. Nc4 Bxc4 13. Bxc4 0-0 14. a4 Qe7 15. a5 Rad8 16. Rfe1 Bc5 17. Rad1 Rxd1 18. Rxd1 Bd6 19. Bd3 h6 20. h3 Re8 21. Ra1 Nh7 22. g3 Qe6 23. h4 Nf6 24. Kg2 Qg4 25. Qxg4 Nxg4 26. f3 Nf6 27. Bc3 Rd8 28. Bc4 Bc7 29. Kf2 g6 30. Ke2 Ne8 31. Rf1 Rd7 32. f4 exf4 33. gxf4 Ng7 34. f5 gxf5 35. Rg1 fxe4 36. Rxg7+ Kf8 37. Rh7 Bf4 38. Bf6 Rd2+ 39. Ke1 Ke8 40. Rh8+ Kd7 41. Rd8+ 1-0

[Event "Mecklenburg VP LL2 Ost 0708"]
[Site "Mecklenburg VP"]
[Date "2008.04.20"]
[Round "9.2"]
[White "Herzel, Alois"]
[Black "Lehmann, Ruben"]
[Result "0-1"]
[WhiteElo "1732"]
[BlackElo "1814"]
[PlyCount "108"]
[EventDate "2007.10.21"]
[EventType "team-tourn"]
[EventRounds "9"]
[EventCountry "GER"]
[SourceTitle "EXT 2016"]
[Source "ChessBase"]
[SourceDate "2015.10.08"]
[SourceVersion "1"]
[SourceVersionDate "2015.10.08"]
[SourceQuality "1"]
[WhiteTeam "Warnemuende SF Ostsee II"]
[BlackTeam "Wolgast Motor"]
[WhiteTeamCountry "GER"]
[BlackTeamCountry "GER"]

1. d4 Nf6 2. c4 c5 3. e3 cxd4 4. exd4 d5 5. Nc3 Nc6 6. Nf3 Bg4 7. Be3 e6 8. Be2 Bb4 9. a3 Bxc3+ 10. bxc3 Qa5 11. cxd5 Nxd5 12. Bd2 Nxc3 13. Qb3 Bxf3 14. Bxf3 Nxd4 15. Qxc3 Qxc3 16. Bxc3 Nc2+ 17. Ke2 Nxa1 18. Bxg7 Rg8 19. Bxa1 Rc8 20. Bxb7 Rc2+ 21. Kf3 Ra2 22. Rd1 Rxa3+ 23. Ke2 Ke7 24. Be5 Ra2+ 25. Kf1 f6 26. Bd6+ Kf7 27. Bc5 Rg5 28. Be3 Rb5 29. Bc6 Rb4 30. Rd7+ Kg6 31. g3 a5 32. h4 h5 33. Kg2 a4 34. Kf3 a3 35. Re7 Rab2 36. Be8+ Kf5 37. Bxh5 Ra4 38. g4+ Ke5 39. Be8 a2 40. Bxa4 a1Q 41. Bf4+ Kd5 42. Rd7+ Kc5 43. Be3+ Kb4 44. Rb7+ Ka5 45. Ra7+ Kb4 46. Rb7+ Ka3 47. Bc5+ Ka2 48. Ra7 Qh1+ 49. Kg3 Kb1 50. Rd7 Qe4 51. Rd1+ Ka2 52. Bd4 Rb1 53. Rd2+ Ka3 54. Bc2 Rg1+ 0-1

[Event "Mecklenburg VP LL2 Ost 0708"]
[Site "Mecklenburg VP"]
[Date "2008.03.09"]
[Round "7.1"]
[White "Giese, Lothar"]
[Black "Herzel, Alois"]
[Result "1-0"]
[WhiteElo "1868"]
[BlackElo "1732"]
[PlyCount "97"]
[EventDate "2007.10.21"]
[EventType "team-tourn"]
[EventRounds "9"]
[EventCountry "GER"]
[SourceTitle "EXT 2016"]
[Source "ChessBase"]
[SourceDate "2015.10.08"]
[SourceVersion "1"]
[SourceVersionDate "2015.10.08"]
[SourceQuality "1"]
[WhiteTeam "Stralsund FHSG II"]
[BlackTeam "Warnemuende SF Ostsee II"]
[WhiteTeamCountry "GER"]
[BlackTeamCountry "GER"]

1. c4 Nf6 2. Nc3 g6 3. e4 d6 4. d4 Bg7 5. Be2 0-0 6. Be3 Nbd7 7. Qd2 c6 8. h3 Qc7 9. Nf3 e5 10. d5 Ne8 11. 0-0 c5 12. Nh2 Nb6 13. f4 f5 14. fxe5 Bxe5 15. Nf3 Bg7 16. Ng5 Nf6 17. exf5 Bxf5 18. Bd3 Bd7 19. Rf3 Rae8 20. Raf1 Qc8 21. Bf4 Qb8 22. Nge4 Nxe4 23. Nxe4 Be5 24. Bxe5 Rxf3 25. Rxf3 Rxe5 26. Qh6 Rxe4 27. Bxe4 Qe8 28. Bxg6 hxg6 29. Rg3 Bf5 30. Re3 Qf8 31. Qh4 Nd7 32. Rf3 Ne5 33. Rf1 Qg7 34. Qd8+ Kh7 35. Qxd6 Nd3 36. Qg3 Qd4+ 37. Kh1 Qe5 38. Qxe5 Nxe5 39. Re1 Nf7 40. Re7 Kg7 41. Rxb7 a6 42. Ra7 Bc8 43. Rc7 Bf5 44. Rxc5 Kf6 45. Rc6+ Ke5 46. Rxa6 Nd6 47. Kg1 Ne4 48. g4 Bd7 49. Rxg6 1-0

[Event "Mecklenburg VP LL2 Ost 0708"]
[Site "Mecklenburg VP"]
[Date "2007.11.04"]
[Round "2.3"]
[White "Herzel, Alois"]
[Black "Schreiner, Wolfgang"]
[Result "1-0"]
[WhiteElo "1732"]
[BlackElo "1860"]
[PlyCount "67"]
[EventDate "2007.10.21"]
[EventType "team-tourn"]
[EventRounds "9"]
[EventCountry "GER"]
[SourceTitle "EXT 2016"]
[Source "ChessBase"]
[SourceDate "2015.10.08"]
[SourceVersion "1"]
[SourceVersionDate "2015.10.08"]
[SourceQuality "1"]
[WhiteTeam "Warnemuende SF Ostsee II"]
[BlackTeam "Waren"]
[WhiteTeamCountry "GER"]
[BlackTeamCountry "GER"]

1. d4 Nf6 2. c4 e6 3. Nc3 Bb4 4. e3 c5 5. Nge2 b6 6. a3 Bxc3+ 7. Nxc3 Bb7 8. f3 Nh5 9. Qc2 cxd4 10. exd4 0-0 11. Bd3 f5 12. 0-0 Nc6 13. Be3 g6 14. Rad1 Qf6 15. Ne2 f4 16. Bf2 Ne7 17. Qb3 Rab8 18. Nc3 d5 19. Rfe1 Rf7 20. Nb5 Nc8 21. cxd5 Bxd5 22. Bc4 Bxc4 23. Qxc4 Ng7 24. Nc3 Nd6 25. Qb3 Rd8 26. Ne4 Nxe4 27. Rxe4 Rd5 28. Rde1 Rfd7 29. Qc3 g5 30. h3 R7d6 31. Qc8+ Kf7 32. Rc1 Qd8 33. Rc7+ Rd7 34. Qxd8 1-0

[Event "Niedersachsen-ch Seniors op 10th"]
[Site "Bad Bevensen"]
[Date "2007.07.07"]
[Round "5"]
[White "Zoll, Theobald"]
[Black "Herzel, Alois"]
[Result "1/2-1/2"]
[WhiteElo "1561"]
[BlackElo "1732"]
[PlyCount "95"]
[EventDate "2007.07.03"]
[EventType "swiss"]
[EventRounds "9"]
[EventCountry "GER"]
[SourceTitle "EXT 2022"]
[Source "ChessBase"]
[SourceDate "2021.10.06"]
[SourceVersion "1"]
[SourceVersionDate "2021.10.06"]
[SourceQuality "1"]

1. b3 d5 2. Bb2 Nd7 3. Nf3 Ngf6 4. e3 e6 5. c4 Be7 6. a3 0-0 7. cxd5 exd5 8. d3 c6 9. Be2 Qc7 10. 0-0 Bd6 11. Nbd2 Ne5 12. h3 Bf5 13. Nxe5 Bxe5 14. Bxe5 Qxe5 15. Nf3 Qe7 16. b4 a5 17. Qb3 axb4 18. axb4 h6 19. Nd2 Rfb8 20. Bf3 Be6 21. Qc3 Bf5 22. Qd4 Ra6 23. e4 dxe4 24. dxe4 Rd8 25. Qe3 Rxa1 26. Rxa1 Be6 27. Rb1 Qd6 28. e5 Qxd2 29. Qxd2 Rxd2 30. exf6 gxf6 31. Rd1 Rxd1+ 32. Bxd1 Bd5 33. g3 b6 34. Kf1 c5 35. bxc5 bxc5 36. Ke2 Be6 37. h4 Kf8 38. Kd3 Ke7 39. Kc3 Kd6 40. Bf3 f5 41. Bh5 f6 42. f4 Bd5 43. Be2 Kc6 44. Ba6 Be4 45. Bc4 Kb6 46. Be6 Kc6 47. Bb3 Kd6 48. Bc4 1/2-1/2

[Event "Niedersachsen-ch Seniors op 10th"]
[Site "Bad Bevensen"]
[Date "2007.07.05"]
[Round "3"]
[White "Bierwisch, Bernhard"]
[Black "Herzel, Alois"]
[Result "1-0"]
[WhiteElo "2069"]
[BlackElo "1732"]
[PlyCount "53"]
[EventDate "2007.07.03"]
[EventType "swiss"]
[EventRounds "9"]
[EventCountry "GER"]
[SourceTitle "EXT 2022"]
[Source "ChessBase"]
[SourceDate "2021.10.06"]
[SourceVersion "1"]
[SourceVersionDate "2021.10.06"]
[SourceQuality "1"]

1. e4 c5 2. Nc3 Nc6 3. g3 g6 4. Bg2 Bg7 5. d3 d6 6. Be3 Nf6 7. h3 0-0 8. Qd2 Be6 9. Nge2 Nd7 10. Nf4 Qa5 11. Nxe6 fxe6 12. 0-0 Nd8 13. a3 Bxc3 14. bxc3 e5 15. h4 Nb6 16. h5 Na4 17. hxg6 hxg6 18. Bh6 Rf6 19. Bg5 Rf7 20. Bh3 Qxc3 21. Qe2 Qd4 22. Qg4 Qc3 23. Bxe7 Rxe7 24. Qxg6+ Rg7 25. Qe8+ Kh7 26. Bf5+ Kh6 27. Qh8+ 1-0

[Event "Hessen-ch Seniors op 03rd"]
[Site "Bad Sooden-Allendorf"]
[Date "2007.05.02"]
[Round "5"]
[White "Herzel, Alois"]
[Black "Schwenke, Norbert"]
[Result "1-0"]
[WhiteElo "1705"]
[BlackElo "1405"]
[PlyCount "59"]
[EventDate "2007.04.27"]
[EventType "swiss"]
[EventRounds "9"]
[EventCountry "GER"]
[SourceTitle "EXT 2022"]
[Source "ChessBase"]
[SourceDate "2021.10.06"]
[SourceVersion "1"]
[SourceVersionDate "2021.10.06"]
[SourceQuality "1"]

1. d4 Nf6 2. c4 e5 3. dxe5 Ng4 4. e4 Nxe5 5. f4 Bb4+ 6. Nd2 Nec6 7. a3 Bc5 8. Ngf3 Qf6 9. Nb3 d6 10. Nxc5 dxc5 11. Be2 0-0 12. 0-0 Rd8 13. Qe1 Nd4 14. e5 Qe7 15. Nxd4 cxd4 16. Bd3 c5 17. b4 Re8 18. bxc5 Qxc5 19. Qe4 g6 20. Qe2 Nc6 21. Kh1 b6 22. Bd2 a5 23. Qf2 Rf8 24. h4 Bg4 25. Be4 Rac8 26. Qg3 h5 27. Bxc6 Rxc6 28. f5 Kh7 29. f6 Re6 30. Qf4 1-0

[Event "GER-ch39 V02 email"]
[Site "GER email"]
[Date "2007.04.30"]
[Round "?"]
[White "Herzel, Alois"]
[Black "Schwarzmeier, Josef"]
[Result "1/2-1/2"]
[WhiteElo "2088"]
[BlackElo "2236"]
[PlyCount "47"]
[EventDate "2007.??.??"]
[EventType "tourn (corr)"]
[EventRounds "10"]
[EventCountry "GER"]
[SourceTitle "Corr 2011"]
[Source "ChessBase"]
[SourceDate "2010.08.31"]
[SourceVersion "1"]
[SourceVersionDate "2010.08.31"]
[SourceQuality "1"]

1. d4 Nf6 2. c4 e6 3. Nc3 Bb4 4. e3 0-0 5. Nge2 d5 6. a3 Be7 7. cxd5 exd5 8. Ng3 c5 9. dxc5 Bxc5 10. Bd3 Nc6 11. 0-0 Be6 12. b4 Be7 13. Nf5 a5 14. Bb2 Bxf5 15. Bxf5 axb4 16. axb4 Rxa1 17. Bxa1 Nxb4 18. Ne2 Qa5 19. Bc3 g6 20. Bb1 Rd8 21. Nf4 Qa3 22. Bd4 Nc6 23. Bxf6 Bxf6 24. Nxd5 1/2-1/2

[Event "GER-ch39 V02 email"]
[Site "GER email"]
[Date "2007.04.30"]
[Round "?"]
[White "Schulze, Guenter"]
[Black "Herzel, Alois"]
[Result "1/2-1/2"]
[WhiteElo "2053"]
[BlackElo "2088"]
[PlyCount "68"]
[EventDate "2007.??.??"]
[EventType "tourn (corr)"]
[EventRounds "10"]
[EventCountry "GER"]
[SourceTitle "Corr 2011"]
[Source "ChessBase"]
[SourceDate "2010.08.31"]
[SourceVersion "1"]
[SourceVersionDate "2010.08.31"]
[SourceQuality "1"]

1. d4 d5 2. Nf3 Nf6 3. e3 Bf5 4. c4 e6 5. Nc3 Nc6 6. cxd5 exd5 7. Bb5 a6 8. Bxc6+ bxc6 9. 0-0 Bd6 10. Ne5 c5 11. Qa4+ Bd7 12. Nxd7 Qxd7 13. dxc5 Bxc5 14. b3 Bd6 15. Bb2 Be5 16. Qa5 0-0 17. Rad1 Qe6 18. Nxd5 Bxb2 19. Nxc7 Qe7 20. Nxa8 Rxa8 21. Rd2 Be5 22. Rc2 g6 23. Rc6 Rd8 24. Qxa6 Bxh2+ 25. Kxh2 Qe5+ 26. g3 Ng4+ 27. Kg2 Qd5+ 28. e4 Qxe4+ 29. Kg1 Ne3 30. fxe3 Qxe3+ 31. Kh1 Qe4+ 32. Kg1 Qe3+ 33. Kh1 Qe4+ 34. Kg1 Qe3+ 1/2-1/2

[Event "Mecklenburg VP-ch Seniors op 06th"]
[Site "Plau am See"]
[Date "2006.10.09"]
[Round "6"]
[White "Peleikis, Horst"]
[Black "Herzel, Alois"]
[Result "1-0"]
[WhiteElo "1928"]
[BlackElo "1701"]
[PlyCount "51"]
[EventDate "2006.10.04"]
[EventType "swiss"]
[EventRounds "9"]
[EventCountry "GER"]
[SourceTitle "EXT 2022"]
[Source "ChessBase"]
[SourceDate "2021.10.06"]
[SourceVersion "1"]
[SourceVersionDate "2021.10.06"]
[SourceQuality "1"]

1. e4 c5 2. Nf3 e6 3. d4 cxd4 4. Nxd4 a6 5. Bd3 Nc6 6. Be3 Nf6 7. 0-0 Qc7 8. Nd2 d6 9. Nxc6 Qxc6 10. f4 d5 11. e5 Nd7 12. c4 Bc5 13. Bxc5 Qxc5+ 14. Kh1 Nb6 15. Rc1 dxc4 16. Ne4 Qd4 17. Nd6+ Ke7 18. Bxc4 Qxd1 19. Rfxd1 Rd8 20. Bb3 Kf8 21. Rc7 Rd7 22. Rdc1 Rxc7 23. Rxc7 Rb8 24. Rxf7+ Kg8 25. Rc7 g6 26. Nxc8 1-0

[Event "Mecklenburg VP-ch Seniors op 06th"]
[Site "Plau am See"]
[Date "2006.10.08"]
[Round "5"]
[White "Herzel, Alois"]
[Black "Worm, Alfred"]
[Result "1-0"]
[WhiteElo "1701"]
[BlackElo "1684"]
[PlyCount "77"]
[EventDate "2006.10.04"]
[EventType "swiss"]
[EventRounds "9"]
[EventCountry "GER"]
[SourceTitle "EXT 2022"]
[Source "ChessBase"]
[SourceDate "2021.10.06"]
[SourceVersion "1"]
[SourceVersionDate "2021.10.06"]
[SourceQuality "1"]

1. d4 Nf6 2. c4 e5 3. dxe5 Ng4 4. e4 Nxe5 5. f4 Nec6 6. Be3 Bb4+ 7. Nd2 Qe7 8. Bd3 d6 9. a3 Ba5 10. Ngf3 Bb6 11. Bxb6 axb6 12. 0-0 0-0 13. Nb3 f5 14. Qc2 Qf6 15. exf5 Bxf5 16. Bxf5 Qxf5 17. Qxf5 Rxf5 18. g3 b5 19. Nbd4 Nxd4 20. Nxd4 Rc5 21. cxb5 Rd5 22. Ne6 Rd2 23. Nxc7 Ra4 24. Rf2 Rxf2 25. Kxf2 Rc4 26. Re1 Rxc7 27. Re8+ Kf7 28. Rxb8 Ke7 29. b6 Rc2+ 30. Kf3 Rxb2 31. Rxb7+ Kf6 32. a4 Rxh2 33. a5 Ra2 34. Ra7 Ra3+ 35. Kg2 Ra2+ 36. Kh3 d5 37. b7 Rb2 38. Ra6+ Ke7 39. Rb6 1-0

[Event "Mecklenburg VP-ch Seniors op 06th"]
[Site "Plau am See"]
[Date "2006.10.06"]
[Round "3"]
[White "Herzel, Alois"]
[Black "Radloff, Arno"]
[Result "1/2-1/2"]
[WhiteElo "1701"]
[BlackElo "1509"]
[PlyCount "71"]
[EventDate "2006.10.04"]
[EventType "swiss"]
[EventRounds "9"]
[EventCountry "GER"]
[SourceTitle "EXT 2022"]
[Source "ChessBase"]
[SourceDate "2021.10.06"]
[SourceVersion "1"]
[SourceVersionDate "2021.10.06"]
[SourceQuality "1"]

1. d4 d5 2. c4 c6 3. Nf3 Nf6 4. e3 e6 5. Nc3 Nbd7 6. Bd3 Bd6 7. e4 dxe4 8. Nxe4 Nxe4 9. Bxe4 h6 10. 0-0 Nf6 11. Bd3 0-0 12. Qe2 Re8 13. Rd1 Qc7 14. Bd2 c5 15. dxc5 Bxc5 16. Bc3 Be7 17. Be5 Qc5 18. a3 a6 19. b4 Qa7 20. Rac1 Nd7 21. Bd4 Qb8 22. Qe4 Nf8 23. c5 Bd7 24. Be5 Qa7 25. Nd4 Ba4 26. Bc2 Bd7 27. Bb3 Rac8 28. c6 bxc6 29. Nxc6 Bxc6 30. Rxc6 Qb7 31. Rdc1 Nd7 32. Bg3 e5 33. Qc2 Rxc6 34. Qxc6 Qa7 35. Bxe5 Bg5 36. Re1 1/2-1/2

[Event "Mecklenburg VP-ch Seniors op 06th"]
[Site "Plau am See"]
[Date "2006.10.05"]
[Round "2"]
[White "Schlag, Franz"]
[Black "Herzel, Alois"]
[Result "1-0"]
[WhiteElo "1952"]
[BlackElo "1701"]
[PlyCount "121"]
[EventDate "2006.10.04"]
[EventType "swiss"]
[EventRounds "9"]
[EventCountry "GER"]
[SourceTitle "EXT 2022"]
[Source "ChessBase"]
[SourceDate "2021.10.06"]
[SourceVersion "1"]
[SourceVersionDate "2021.10.06"]
[SourceQuality "1"]

1. d4 d5 2. e4 dxe4 3. Nc3 Nf6 4. f3 e3 5. Bxe3 e6 6. a3 Be7 7. Bd3 Nbd7 8. Nge2 c5 9. Qd2 a6 10. Ne4 cxd4 11. Bxd4 Nxe4 12. Bxe4 Bf6 13. 0-0-0 Qe7 14. Kb1 0-0 15. g4 Bxd4 16. Nxd4 Nf6 17. Qd3 g6 18. h4 Nxe4 19. Qxe4 Rd8 20. g5 Qc7 21. f4 Bd7 22. Qe3 Rac8 23. c3 Bc6 24. Rh2 Bd5 25. Rc1 b5 26. h5 Qb7 27. Re1 Qe7 28. hxg6 fxg6 29. Nxe6 Re8 30. Rhe2 Rc6 31. Nd4 Qxe3 32. Rxe3 Rxe3 33. Rxe3 Rc7 34. Re5 Rd7 35. Kc2 Kf7 36. b3 Rd6 37. a4 bxa4 38. bxa4 Bb7 39. Rc5 Rd7 40. Kd3 Bd5 41. c4 Bb7 42. Kc3 Re7 43. Nc6 Re8 44. Kd4 Kg7 45. Ne5 Re7 46. Ra5 h5 47. gxh6+ Kxh6 48. Kc5 Kg7 49. Kd6 Re8 50. c5 Rf8 51. c6 Rf6+ 52. Kd7 Bxc6+ 53. Nxc6 Rxf4 54. Rxa6 g5 55. Ne5 Rd4+ 56. Ke6 g4 57. Ra7+ Kh6 58. Kf5 g3 59. Ra6+ Kh5 60. Nf3 Rb4 61. Ra8 1-0

[Event "GER-ch Seniors 18th"]
[Site "Dresden"]
[Date "2006.07.23"]
[Round "2"]
[White "Frank, Werner"]
[Black "Herzel, Alois"]
[Result "1-0"]
[WhiteElo "1954"]
[BlackElo "1691"]
[PlyCount "127"]
[EventDate "2006.07.22"]
[EventType "swiss"]
[EventRounds "9"]
[EventCountry "GER"]
[SourceTitle "EXT 2022"]
[Source "ChessBase"]
[SourceDate "2021.10.06"]
[SourceVersion "1"]
[SourceVersionDate "2021.10.06"]
[SourceQuality "1"]

1. d4 d5 2. Nf3 Nf6 3. c4 dxc4 4. e3 e6 5. Bxc4 a6 6. 0-0 c5 7. Qe2 b5 8. Bd3 Bb7 9. dxc5 Bxc5 10. Bxb5+ Nbd7 11. Ba4 0-0 12. Nc3 Qc7 13. e4 Nb6 14. Bc2 Bd6 15. Bg5 Ng4 16. h3 Ne5 17. Nd4 Nbc4 18. Bb3 Na5 19. Ba4 h6 20. Bh4 Ng6 21. Qg4 Nxh4 22. Qxh4 Nc4 23. Rac1 Qb6 24. Bb3 Ne5 25. Rfd1 Ng6 26. Qg4 Ne5 27. Qe2 Rfd8 28. Kh1 Be7 29. Nc2 Bg5 30. Ne3 Bc6 31. Na4 Rxd1+ 32. Rxd1 Qa5 33. Nc4 Nxc4 34. Qxc4 Bb5 35. Qc3 Qxc3 36. Nxc3 Rd8 37. Rxd8+ Bxd8 38. f4 Bc6 39. Kg1 Kf8 40. Bc4 Bb7 41. Kf2 Ke7 42. Ke3 Bb6+ 43. Kd3 f6 44. h4 Kd6 45. b4 g6 46. g4 h5 47. f5 exf5 48. exf5 gxf5 49. gxh5 Ke7 50. h6 Kf8 51. Bd5 Bc8 52. Ne2 Bc7 53. Ke3 Bd7 54. Nf4 Bb6+ 55. Kf3 Be8 56. Ne6+ Kg8 57. Nc7+ Kh7 58. Nxe8 Kxh6 59. Nxf6 Bd8 60. Nd7 Bxh4 61. Bc4 Be7 62. a3 a5 63. bxa5 Bxa3 64. a6 1-0

[Event "Niedersachsen-ch Seniors op 09th"]
[Site "Bad Bevensen"]
[Date "2006.07.02"]
[Round "9"]
[White "Herzel, Alois"]
[Black "Fritsch, Juergen"]
[Result "1/2-1/2"]
[WhiteElo "1710"]
[BlackElo "1802"]
[PlyCount "58"]
[EventDate "2006.06.24"]
[EventType "swiss"]
[EventRounds "9"]
[EventCountry "GER"]
[SourceTitle "EXT 2022"]
[Source "ChessBase"]
[SourceDate "2021.10.06"]
[SourceVersion "1"]
[SourceVersionDate "2021.10.06"]
[SourceQuality "1"]

1. d4 d5 2. c4 Bf5 3. Nc3 dxc4 4. e4 Bg6 5. Bxc4 c6 6. a4 Nf6 7. f3 e6 8. Nge2 Bb4 9. 0-0 0-0 10. Be3 Qa5 11. Na2 Be7 12. Nf4 Nbd7 13. Nxg6 hxg6 14. Nc3 Rad8 15. Qe2 Nb6 16. Bb3 Qh5 17. Qf2 Bb4 18. Ne2 Qa5 19. Rfd1 g5 20. e5 Nh7 21. Qg3 Nd5 22. Bxd5 Rxd5 23. Bxg5 Nxg5 24. Qxg5 c5 25. Nc1 cxd4 26. Nd3 Bd6 27. Qg3 Be7 28. Qf2 Rc8 29. Qd2 Qd8 1/2-1/2